00245nam a2200097Ia 4500008004100000100001800041245005100059260001300110942000700123999001700130190216s9999||||xx |||||||||||||| ||und|| aSivadasa Sinh 0aHindi-Alochana Swathanthryathar Hindi Sahithya bRajkamal cBK c17058d17058